[Event "AUTO-OPEN-4623"]
[Site "http://www.queenalice.com/game.php?id=1865320"]
[Date "2025.11.8"]
[Round "1"]
[White "Ruusgugg"]
[Black "MarcosT"]
[Result "0-1"]
[WhiteElo "1467"]
[BlackElo "2131"]

1. e4 e5 2. g4 d6 3. h4 Nf6 4. g5 Nxe4 5. d3 Nc5 6. b4 Ne6 7. Nh3 Be7 8. c4 Nd4
9. Bb2 d5 10. c5 Nbc6 11. Bg2 O-O 12. h5 Bxg5 13. Nxg5 Qxg5 14. Bxd5 Bg4 15. Qd2
Qf6 16. h6 g6 17. Rg1 Bf3 18. Be4 Bxe4 19. Bxd4 Nxd4 20. Nc3 Nf3+ 0-1

[Event "AUTO-OPEN-4623"]
[Site "http://www.queenalice.com/game.php?id=1865321"]
[Date "2025.11.8"]
[Round "1"]
[White "MarcosT"]
[Black "Ruusgugg"]
[Result "1-0"]
[WhiteElo "2136"]
[BlackElo "1465"]

1. d4 b5 2. e3 b4 3. Bd3 g5 4. c3 e6 5. Nf3 g4 6. Nfd2 h5 7. a3 bxc3 8. bxc3 c5
9. O-O cxd4 10. cxd4 Bb7 11. Qb3 Bd5 12. Bc4 Bc6 13. d5 Bxd5 14. Bxd5 exd5 15.
Qxd5 Nc6 16. Nc3 Nge7 17. Qe4 Bg7 18. Rb1 Bxc3 19. Bb2 Bxd2 20. Bxh8 d6 21. Bf6
d5 22. Qh7 Kd7 23. Rb7+ Kc8 24. Rfb1 a5 25. Qxf7 Ra7 26. Qe6+ 1-0

[Event "AUTO-OPEN-4623"]
[Site "http://www.queenalice.com/game.php?id=1865322"]
[Date "2025.11.8"]
[Round "1"]
[White "Ruusgugg"]
[Black "Numberzero"]
[Result "0-1"]
[WhiteElo "1400"]
[BlackElo "574"]

1. e4 e5 2. g4 d5 3. Nc3 d4 4. Nd5 Be6 5. c4 c6 6. Nb4 Bxb4 7. a3 Be7 8. Qb3 Qc7
9. Qg3 Nf6 10. g5 Nxe4 11. Qf3 Nxg5 12. Qd3 O-O 13. Nf3 e4 14. Qxd4 Nxf3+ 15.
Kd1 Nxd4 0-1

[Event "AUTO-OPEN-4623"]
[Site "http://www.queenalice.com/game.php?id=1865323"]
[Date "2025.11.8"]
[Round "1"]
[White "Numberzero"]
[Black "Ruusgugg"]
[Result "1-0"]
[WhiteElo "544"]
[BlackElo "1430"]

1. e4 b6 2. d4 c5 3. dxc5 bxc5 4. Nf3 Bb7 5. Nc3 Nc6 6. Be2 e5 7. O-O h5 8. a3
Na5 9. Nxe5 f6 10. Bxh5+ Ke7 11. Nf7 Qc7 12. Nxh8 Qe5 13. Ng6+ Ke8 14. Nxe5+ Kd8
15. Qxd7# 1-0

[Event "AUTO-INT-3951"]
[Site "http://www.queenalice.com/game.php?id=1865467"]
[Date "2025.11.12"]
[Round "1"]
[White "askasl159"]
[Black "Ruusgugg"]
[Result "1-0"]
[WhiteElo "1498"]
[BlackElo "1463"]

1. e4 b6 2. Nf3 Bb7 3. Nc3 c5 4. Bc4 e6 5. O-O Ba6 6. Bxa6 Nxa6 7. d4 Qc7 8. d5
e5 9. Be3 d6 10. Nb5 Qd7 11. Nc3 b5 12. a3 f5 13. Qe2 Rb8 14. Ng5 f4 15. Bd2 Qd8
16. Ne6 Qf6 17. Nxb5 Qg6 18. Nxa7 Rb7 19. Qxa6 f3 20. Qc6+ Rd7 21. Qc8+ Ke7 22.
Qxf8# 1-0

[Event "AUTO-INT-3951"]
[Site "http://www.queenalice.com/game.php?id=1865468"]
[Date "2025.11.12"]
[Round "1"]
[White "Ruusgugg"]
[Black "askasl159"]
[Result "0-1"]
[WhiteElo "1370"]
[BlackElo "1638"]

1. f4 g6 2. Nf3 Bg7 3. e4 d5 4. e5 Bf5 5. Nd4 Bg4 6. Be2 Bxe2 7. Qxe2 c5 8. Nf3
Nc6 9. O-O Nh6 10. e6 O-O 11. exf7+ Rxf7 12. g3 Qd6 13. d3 Nf5 14. Ng5 Rf6 15.
g4 Nfd4 16. Qg2 h6 17. Nh3 Re6 18. g5 h5 19. Rf2 Re1+ 20. Rf1 Ne2+ 21. Kf2 Rxf1+
22. Qxf1 Ncd4 23. Qd1 Qe6 24. Ng1 Nxc1 25. Qxc1 Rf8 26. c3 Qg4 27. cxd4 Bxd4+
28. Ke1 Qxg1+ 29. Kd2 Be3+ 0-1

[Event "AUTO-INT-3951"]
[Site "http://www.queenalice.com/game.php?id=1865483"]
[Date "2025.11.12"]
[Round "1"]
[White "kuntakinte"]
[Black "Ruusgugg"]
[Result "0-1"]
[WhiteElo "1730"]
[BlackElo "1387"]

1. e4 b6 2. d4 c5 3. d5 e6 4. Nf3 Bb7 5. Bg5 f6 6. Bh4 g5 7. Bg3 g4 8. Ng1 exd5
9. e5 f5 10. Ne2 d4 11. Nf4 Ne7 12. e6 d5 13. Bb5+ Nbc6 14. Ba4 Bg7 15. Ne2 O-O
16. Bh4 Qd6 17. Nf4 Qxf4 18. O-O Rae8 19. Bg3 Qh6 20. f4 Qh5 21. Bb5 Rf6 22. Re1
Rh6 23. Kf2 c4 24. c3 d3 25. Nd2 Rd8 26. Rh1 a6 27. Ba4 b5 28. Bxb5 axb5 29. b3
Rxe6 30. b4 Re2+ 31. Kg1 Re8 32. a4 Nc8 33. Qc1 d4 34. Nf1 d2 35. Nxd2 dxc3 36.
Nf1 Nd4 37. Bf2 Nb3 38. Qa3 c2 39. Be3 Rd8 40. Nd2 Nxd2 41. Rc1 Nb3 42. axb5
Rd1+ 0-1

[Event "AUTO-INT-3951"]
[Site "http://www.queenalice.com/game.php?id=1865495"]
[Date "2025.11.12"]
[Round "1"]
[White "Ruusgugg"]
[Black "game"]
[Result "0-1"]
[WhiteElo "1365"]
[BlackElo "1499"]

1. f4 d6 2. e4 Nf6 3. e5 Bg4 4. Nf3 Nd5 5. h3 Bf5 6. Nd4 Nb4 7. g4 Be4 8. Rh2
dxe5 9. Re2 Qxd4 10. c3 Nc2+ 11. Qxc2 Qg1 12. Qxe4 Qg3+ 13. Rf2 Nc6 14. b4 a6
15. f5 a5 16. b5 Nd8 17. Bb2 e6 18. fxe6 Nxe6 19. Qxb7 Rd8 20. Qc6+ Rd7 21. Qa8+
Rd8 22. Qxa5 Bc5 23. d4 exd4 24. c4 O-O 25. Nc3 dxc3 26. Bxc3 Bxf2+ 27. Ke2 Nf4#
0-1

[Event "AUTO-INT-3954"]
[Site "http://www.queenalice.com/game.php?id=1866704"]
[Date "2025.12.7"]
[Round "1"]
[White "renet54"]
[Black "Ruusgugg"]
[Result "1-0"]
[WhiteElo "1589"]
[BlackElo "1323"]

1. d4 g6 2. Nf3 b6 3. Nc3 a6 4. e4 f5 5. Bc4 b5 6. Bd5 c6 7. Bb3 a5 8. O-O b4 9.
Ng5 Ba6 10. Re1 h6 11. Bf7# 1-0

[Event "AUTO-INT-3954"]
[Site "http://www.queenalice.com/game.php?id=1866705"]
[Date "2025.12.7"]
[Round "1"]
[White "Ruusgugg"]
[Black "renet54"]
[Result "0-1"]
[WhiteElo "1366"]
[BlackElo "1632"]

1. b4 f5 2. c4 e5 3. Qb3 d6 4. Qa4+ Bd7 5. b5 c6 6. b6 c5 7. Qa3 Qxb6 8. Qd3 Nf6
9. Nf3 e4 10. Qe3 Be7 11. a3 O-O 12. h4 Nc6 13. h5 Rae8 14. Ra2 Bd8 15. Rb2 Qa6
16. d3 Ng4 17. Qf4 exf3 18. e3 h6 19. e4 fxe4 20. Qxd6 exd3+ 21. Kd1 Nxf2+ 22.
Kd2 Qa5+ 23. Nc3 Ne4+ 24. Ke1 Nxd6+ 0-1

[Event "AUTO-INT-3954"]
[Site "http://www.queenalice.com/game.php?id=1866720"]
[Date "2025.12.7"]
[Round "1"]
[White "game"]
[Black "Ruusgugg"]
[Result "1-0"]
[WhiteElo "1682"]
[BlackElo "1369"]

1. e4 b6 2. Nf3 Bb7 3. Bc4 Bxe4 4. O-O d5 5. Bb3 c5 6. d3 Bf5 7. Ng5 Nh6 8. Qf3
e6 9. c4 f6 10. Nh3 Ng4 11. Re1 Qc7 12. Bf4 e5 13. cxd5 a5 14. d6 Bxd6 15. Bd5
Nc6 16. Bxc6+ Kf7 17. Bxa8 Bf8 18. Bd5+ Ke8 19. Bc4 g5 20. Qa8+ Bc8 21. Bd2 Bd6
22. Qd5 h5 23. Qf7+ Qxf7 24. Bxf7+ Kxf7 25. Nc3 Bb7 26. Nb5 Bb8 27. Rf1 Ba6 28.
a4 Rd8 29. Ra3 e4 30. g3 c4 31. f3 Ne5 32. fxe4 Nxd3 33. Nxg5+ Ke7 34. Nf3 Nxb2
35. Bc3 Rd3 36. Bxb2 Rxa3 37. Bxa3+ Kf7 38. Ng5+ Kg6 39. h4 Bxg3 40. Nf3 Bb7 41.
Nd6 Bc6 42. Nxc4 Bc7 43. Rc1 Bxa4 44. Ne3 Bf4 45. Kf2 b5 46. Bb2 Bd6 47. Rc6 Be7
48. Re6 Bc5 49. Rxf6+ 1-0

[Event "AUTO-INT-3954"]
[Site "http://www.queenalice.com/game.php?id=1866721"]
[Date "2025.12.7"]
[Round "1"]
[White "Ruusgugg"]
[Black "game"]
[Result "0-1"]
[WhiteElo "1329"]
[BlackElo "1580"]

1. b4 d5 2. a4 e5 3. Bb2 f6 4. Bc3 d4 5. Bb2 Bxb4 6. a5 Nc6 7. Ra4 b5 8. Ra2
Bxa5 9. c3 Be6 10. Ra3 dxc3 11. Nxc3 b4 12. Ra4 bxc3 13. dxc3 Rb8 14. Qb1 Bxc3+
15. Bxc3 Rxb1# 0-1

[Event "AUTO-INT-3955"]
[Site "http://www.queenalice.com/game.php?id=1867018"]
[Date "2025.12.13"]
[Round "1"]
[White "Ruusgugg"]
[Black "jenyasm"]
[Result "0-1"]
[WhiteElo "1434"]
[BlackElo "1671"]

1. b4 e5 2. a3 d6 3. Bb2 g6 4. f4 Bg7 5. h4 Nf6 6. a4 exf4 7. d4 O-O 8. Qd2 Nh5
9. Rh2 Nc6 10. e3 fxe3 11. Qd3 Re8 12. b5 Nb4 13. Qc3 Nd5 14. Qc4 Be6 15. Qd3 a6
16. b6 Nxb6 17. Bc1 Bd5 18. Bxe3 Nf4 19. g3 Nxd3+ 20. Bxd3 Rxe3+ 21. Ne2 Bxd4
22. Ra3 Be5 23. Kd2 Rf3 24. h5 Bxg3 25. Nxg3 Rxg3 26. hxg6 hxg6 27. Nc3 Rg2+ 28.
Rxg2 Nc4+ 29. Bxc4 Bxc4 30. Ne2 Bxe2 31. Rxe2 Qd7 32. Rae3 Qxa4 33. Rh2 Qf4 34.
Rh1 Re8 35. Re1 Rxe3 0-1

[Event "AUTO-INT-3955"]
[Site "http://www.queenalice.com/game.php?id=1867019"]
[Date "2025.12.13"]
[Round "1"]
[White "jenyasm"]
[Black "Ruusgugg"]
[Result "0-1"]
[WhiteElo "1648"]
[BlackElo "1359"]

1. e4 g5 2. d3 e5 3. Nf3 Qf6 4. h3 h6 5. b3 Qe6 6. Bb2 Bc5 7. Nc3 Qb6 8. Nd5 Qc6
9. Bxe5 d6 10. Bxh8 g4 11. hxg4 Bxg4 12. Bg7 Ne7 13. Nxe7 Kxe7 14. Bxh6 Qb6 15.
Qe2 d5 16. exd5+ Kd7 17. c4 Bb4+ 18. Bd2 a5 19. Bxb4 Qxb4+ 20. Qd2 Qd6 21. O-O-O
a4 22. Rh4 Bf5 23. Qe3 Qa3+ 24. Kb1 axb3 25. axb3 Qxb3+ 26. Kc1 Qc3+ 0-1

[Event "AUTO-INT-3955"]
[Site "http://www.queenalice.com/game.php?id=1867023"]
[Date "2025.12.13"]
[Round "1"]
[White "game"]
[Black "Ruusgugg"]
[Result "1-0"]
[WhiteElo "1642"]
[BlackElo "1318"]

1. e4 b6 2. Nf3 Bb7 3. Bc4 Bxe4 4. Ng5 Bxg2 5. Rg1 Bc6 6. d4 d5 7. Bb3 f6 8. Ne6
Qd6 9. Qe2 Qxh2 10. Rf1 g5 11. f4 h6 12. Nxc7+ Kd8 13. Nxa8 Bxa8 14. Qxh2 h5 15.
fxg5 1-0

[Event "AUTO-OPEN-4631"]
[Site "http://www.queenalice.com/game.php?id=1867158"]
[Date "2025.12.18"]
[Round "1"]
[White "Ruusgugg"]
[Black "Capixaba789"]
[Result "0-1"]
[WhiteElo "1342"]
[BlackElo "1869"]

1. e4 e5 2. c4 Nf6 3. Qc2 c6 4. d3 d6 5. h3 Be7 6. f4 exf4 7. Bxf4 O-O 8. g4 a5
9. g5 Nh5 10. Bh2 Bxg5 11. Be2 Nf4 12. Bd1 Nxh3 13. Nxh3 Bxh3 14. Qe2 Bh4+ 15.
Kd2 Bg5+ 16. Kc2 Be6 17. e5 d5 18. b3 Na6 19. a3 dxc4 20. bxc4 Qd4 21. Nc3 Rad8
22. Ne4 Qxa1 23. Nxg5 Qxa3 24. Kb1 Bf5 25. Bc2 Nb4 26. Rc1 Qa2# 0-1

[Event "AUTO-OPEN-4631"]
[Site "http://www.queenalice.com/game.php?id=1867159"]
[Date "2025.12.18"]
[Round "1"]
[White "Capixaba789"]
[Black "Ruusgugg"]
[Result "1-0"]
[WhiteElo "1842"]
[BlackElo "1361"]

1. d4 g6 2. Nc3 Bg7 3. e4 f5 4. exf5 Nf6 5. fxg6 h5 6. Nh3 Nc6 7. a3 Rf8 8. Bc4
Na5 9. Ba2 d5 10. Ng5 Bg4 11. Qd2 Nc4 12. Bxc4 dxc4 13. O-O Nd5 14. Nf7 Qd7 15.
Qg5 Bf6 16. Qxd5 c6 17. Qxc4 b5 18. Qd3 Bf5 19. Qg3 h4 20. Qf3 Bxg6 21. Nd6+
Qxd6 22. Be3 Bxd4 23. Qe2 Be5 24. Rad1 Bxh2+ 25. Kh1 Qc7 26. Bg5 e5 27. Kxh2 Rf5
28. f4 Qh7 29. Qf3 Rc8 30. Ne4 Kf8 31. Nd6 Bh5 32. Qh3 Bxd1 33. Nxf5 Be2 34. Re1
Bc4 35. Rxe5 Rd8 36. Bxd8 a5 37. Qxh4 Qd7 38. Qh8+ Bg8 39. Be7+ Kf7 40. Nh6+ Kg6
41. Rg5# 1-0

[Event "AUTO-OPEN-4631"]
[Site "http://www.queenalice.com/game.php?id=1867162"]
[Date "2025.12.18"]
[Round "1"]
[White "Ruusgugg"]
[Black "BeatifulDevil56"]
[Result "0-1"]
[WhiteElo "1436"]
[BlackElo "2080"]

1. e4 e6 2. c3 d5 3. d3 dxe4 4. Qa4+ Bd7 5. Qxe4 Bc6 6. Qf4 Bd6 7. Qd2 Nf6 8. h4
h5 9. f4 Nd5 10. g3 Qf6 11. c4 Bb4 12. Nc3 Nxc3 13. Qe3 Nd5+ 14. Qd2 Bxd2+ 15.
Bxd2 Qxb2 16. Rd1 Nc3 17. Bxc3 Qxc3+ 18. Rd2 Bxh1 19. Bh3 Nc6 0-1

[Event "AUTO-OPEN-4631"]
[Site "http://www.queenalice.com/game.php?id=1867163"]
[Date "2025.12.18"]
[Round "1"]
[White "BeatifulDevil56"]
[Black "Ruusgugg"]
[Result "1-0"]
[WhiteElo "2078"]
[BlackElo "1438"]

1. e4 d5 2. exd5 Qxd5 3. Nc3 Qd6 4. d3 c5 5. Be3 f5 6. d4 Qb6 7. b3 Nc6 8. dxc5
Qb4 9. Ne2 a5 10. Qd2 a4 11. Nxa4 Qe4 12. Ng3 Qe5 13. Bb5 Qxa1+ 14. Ke2 Qe5 15.
Nb6 Rxa2 16. Rd1 Kf7 17. Nxc8 Ra5 18. Bc4+ e6 19. Qd7+ Nce7 20. Bxe6+ Kg6 21.
Qe8+ Kf6 22. Qf7# 1-0

[Event "AUTO-INT-3956"]
[Site "http://www.queenalice.com/game.php?id=1867691"]
[Date "2026.1.7"]
[Round "1"]
[White "Ruusgugg"]
[Black "game"]
[Result "1-0"]
[WhiteElo "1412"]
[BlackElo "1672"]

1. c4 c5 2. f4 Nf6 3. Nc3 e6 4. Nf3 Qa5 5. e4 Nc6 6. e5 Ng4 7. Ne4 Ne3 8. Qe2
Nc2+ 9. Kf2 Nxa1 10. Nd6+ Bxd6 11. exd6 Nc2 12. f5 N6d4 13. Nxd4 Nxd4 14. Qg4
Nxf5 15. Bd3 O-O 16. a3 Nd4 17. Qh4 Nf5 18. Qe4 Nd4 19. Qxh7# 1-0

[Event "AUTO-INT-3956"]
[Site "http://www.queenalice.com/game.php?id=1867692"]
[Date "2026.1.7"]
[Round "1"]
[White "game"]
[Black "Ruusgugg"]
[Result "1-0"]
[WhiteElo "1688"]
[BlackElo "1417"]

1. e4 e5 2. Nf3 d6 3. d4 exd4 4. Bc4 c5 5. Ng5 Nh6 6. Qf3 f6 7. Nh3 g5 8. Qa3 g4
9. Nf4 Qe7 10. O-O f5 11. Nd5 Na6 12. Qa5 fxe4 13. Nxe7 Bxe7 14. Bxh6 Rg8 15.
Bxg8 Bd8 16. Qa4+ Bd7 17. Qc4 1-0